Loading...
| Science - Chemistry | 0 | 9 | 0 | 0 | 90 | 36 | 66.89 | 4 | 9 |
| Science - Other Science | 0 | 8 | 0 | 1 | 80 | 72 | 94.75 | 1 | 7 |
| Science - Biology | 0 | 6 | 0 | 0 | 60 | 61 | 76.67 | 1 | 5 |
| Fine Arts - Visual Fine Arts | 0 | 5 | 0 | 1 | 50 | 83 | 110.00 | 1 | 4 |
| Science - Physics | 0 | 6 | 2 | 0 | 50 | 41 | 66.33 | 2 | 6 |
| Social Science | 0 | 4 | 1 | 0 | 35 | 49 | 77.75 | 1 | 3 |
| Philosophy | 0 | 4 | 1 | 0 | 35 | 59 | 88.00 | 1 | 4 |
| Literature - British Literature | 0 | 3 | 0 | 0 | 30 | 123 | 128.33 | 1 | 2 |
| Literature - World/Other Literature | 0 | 3 | 0 | 0 | 30 | 81 | 109.00 | 1 | 3 |
| Literature - European Literature | 0 | 3 | 1 | 1 | 25 | 102 | 114.33 | 1 | 3 |
| Literature - American Literature | 0 | 3 | 1 | 0 | 25 | 102 | 117.67 | 0 | 3 |
| Other Academic | 0 | 1 | 0 | 0 | 10 | 53 | 53.00 | 0 | 1 |
| Pop Culture | 0 | 1 | 0 | 0 | 10 | 141 | 141.00 | 0 | 1 |
| Mythology | 0 | 0 | 1 | 0 | -5 | 0.00 | 0 | 0 | |
| Geography/Current Events | 0 | 0 | 1 | 0 | -5 | 0.00 | 0 | 0 | |
| History - European History | 0 | 0 | 1 | 0 | -5 | 0.00 | 0 | 0 |